000 00772cab a22001935a 4500
001 L141450
008 071126e20071116xxkd f s 000 0 eng d
035 _a(Sirsi) u141450
041 0 _aeng
100 1 _aKlammer, Marcin
245 0 0 _aCountry focus
_bPoland
260 _c2007
490 0 _aBuilding
_v272(8506) 16 November 2007, 86-88(3)
520 _aSummary of Poland's economy and construction market. Covers the Polish property market, infrastructure, prices and workforce, tendering and project execution, and the effect of the Euro 2012 football tournament. Includes key statistics for the Polish construction industry and costs for various buildings.
590 _aKA
651 4 _aPoland
690 _aBUILT ENVIRONMENT-CONSTRUCTION MARKET
942 _n0
999 _c79490
_d79490